[Event "ROM-ch U10"]
[Site "Calimanesti"]
[Date "2015.04.05"]
[Round "8"]
[White "Cirlea, Nicolae"]
[Black "Coroiu, Alexandru"]
[Result "0-1"]
[WhiteElo "1001"]
[BlackElo "1011"]
[PlyCount "96"]
[EventDate "2015.03.30"]
[EventType "swiss"]
[EventRounds "9"]
[EventCountry "ROU"]
[SourceTitle "CBM 165 Extra"]
[Source "ChessBase"]
[SourceDate "2015.04.21"]
[SourceVersion "1"]
[SourceVersionDate "2015.04.21"]
[SourceQuality "1"]

1. e4 e5 2. Nf3 Nc6 3. Nc3 Nf6 4. Bb5 Nd4 5. Nxe5 Qe7 6. Nf3 Nxb5 7. Nxb5 Qxe4+ 8. Qe2 Qxe2+ 9. Kxe2 Bd6 10. Nxd6+ cxd6 11. Re1 0-0 12. Kf1 Nd5 13. b3 Nb4 14. Ba3 Nxc2 15. Bxd6 Rd8 16. Bc7 Rf8 17. Bd6 Nxe1 18. Bxf8 Nxf3 19. Bb4 Nxh2+ 20. Kg1 b6 21. Kxh2 h6 22. Re1 Bb7 23. f3 g5 24. Re7 Bc6 25. a4 Kg7 26. a5 Kg6 27. axb6 axb6 28. d4 f5 29. g4 fxg4 30. fxg4 h5 31. Kg3 Ra2 32. gxh5+ Kxh5 33. Rh7+ Kg6 34. Re7 Rg2+ 35. Kh3 g4+ 36. Kh4 g3 37. Be1 Rb2 38. Re3 g2 39. Rg3+ Kf7 40. Kh3 g1Q 41. Rxg1 Rxb3+ 42. Kh2 Rd3 43. Rf1+ Rf3 44. Rg1 Rd3 45. Rf1+ Ke6 46. Rf4 Kd5 47. Kg2 Rxd4 48. Rxd4+ Kxd4+ 0-1